00632nam a2200217 a 450000100060000000300080000600500170001400800410003103500190007204000270009104100080011808200260012610000500015224500520020225000120025426000290026630000350029550400300033065000290036065000250038966702BD-RjUL20211209081553.0170319s1955 enka b 00110 eng  a(BD-RjUL)66833 aDLCcDLCdBD-RjULbeng aeng 223a519.537bKER 19551 aKendall, Maurice G.q(Maurice George),d1907-10aRank correlation methods /cMaurice G. Kendall. a2nd ed. aLondon :bGriffin,c1955 aviii, 196 p. :bill. ;c24 cm. aBibliography: p. 167-171. 0aCorrelation (Statistics)12aStatistics as Topic.